000 00617nmc a2200241 a 4500
003 AR-BaBNM
005 20251128211359.0
008 114020s1999 ||||||||||||||000 | spa||
020 _a987-9243-18-8
040 _cAR-BaBNM
100 1 _aWedeltoft, Belén
245 1 0 _aEsto no es Hollywood
260 _aBuenos Aires
_bEdiciones Simurg
_c1999
300 _a123 p.
490 0 _aNarradoras argentinas
650 4 _aLITERATURA ARGENTINA
650 4 _aLITERATURA CONTEMPORANEA
650 4 _aCUENTOS
655 _aLITERATURA
700 1 _aGiardinelli, Mempo
_eprologuista
942 _cBK
998 _cmartin
999 _c19433
_d19433